Qué es esa cosa llamada ciencia?: una valoración de la naturaleza y el estatuto de la ciencia y sus métodos
Guardat en:
| Autor principal: | |
|---|---|
| Format: | Llibre |
| Idioma: | espanyol |
| Publicat: |
Ciudad de México
Siglo XXI
2001
|
| Edició: | 24a. ed |
| Col·lecció: | Teoría
|
| Matèries: | |
| Etiquetes: |
Afegir etiqueta
Sense etiquetes, Sigues el primer a etiquetar aquest registre!
|
MARC
| LEADER | 00000nam a2200000 a 4500 | ||
|---|---|---|---|
| 001 | UCL6959 | ||
| 003 | CL-VaPUC | ||
| 008 | 040423e20010000mx |||||||||||||||||spa|d | ||
| 020 | |a 9682315166 | ||
| 082 | 0 | 4 | |a 501 |b CHA |2 21 |
| 100 | 0 | |a Chalmers, Alan F |e author |9 484620 | |
| 245 | 1 | 0 | |a Qué es esa cosa llamada ciencia?: una valoración de la naturaleza y el estatuto de la ciencia y sus métodos |
| 250 | |a 24a. ed | ||
| 300 | |a 245 p | ||
| 942 | |c BK | ||
| 945 | |d 20040423 00:00:00 |a cmena | ||
| 260 | |a Ciudad de México |b Siglo XXI |c 2001 | ||
| 650 | 0 | |a Filosofía de las ciencias |9 256466 | |
| 650 | 0 | |a Teoría del conocimiento |9 255038 | |
| 490 | 0 | |a Teoría | |
| 999 | |c 308835 |d 308833 | ||
| 583 | |k Rodrigo Vera | ||